000 00655nam a2200265Ia 4500
003 OSt
005 20221007064811.0
006 a|||||r|||| 00| 0
007 ta
008 221006b |||||||| |||| 00| 0 eng d
020 _cRs.110/-
024 _a4,076
037 _cTextual
040 _aFLL
_cFLL
_beng
041 _2eng
_aeng
082 _aZ2,5, N1
100 _aBatra T.S.
245 0 _aCriminal law of India
250 _a4th
260 _aDelhi
_bMetropolitan India
_c1991
300 _a607
_ccm.
650 _aCriminal law of India
_9686300
942 _hZ2,5, N1
_cTEXL
_2CC
999 _c1135389
_d1135389